Hunger Games Ships Quiz - Statistics

General Stats
  • This quiz has been taken 963 times
  • The average score is 5 of 15
Answer Stats
Hint Answer % Correct
Cato and Clove Clato
87%
Katniss and Peeta Peeniss
58%
Annie and Finnick Fannie
55%
Glimmer and Cato Glato
42%
Gale and Peeta Pale
41%
Gale and Prim Grim
39%
Haymitch and Effie Heffie
38%
Gale and Madge Male
38%
Marvel and Cato Mato
34%
Marvel and Glimmer Glarvel
32%
Rue and Curly/CHCF Cue
24%
Finnick and Katniss Fatniss
23%
Seneca and the Pig Sig
21%
Effie and Mahogany Maheffie
9%
Thresh and Katniss Thraniss
3%
No matching quizzes found
Score Distribution
Percent of People with Each Score
Percentile by Number Answered
Your Score History
You have not taken this quiz